| 000 | 00853nam a22002297a 4500 | ||
|---|---|---|---|
| 003 | OSt | ||
| 005 | 20151016133001.0 | ||
| 008 | 130603s2010 sp ||||| |||| 00| 0 cat d | ||
| 020 | _a9788439383635 | ||
| 040 | _cCDMR | ||
| 245 | 3 |
_aLa convergència comunicativa a la premsa local i comarcal _b: noves perspectives per a la informació _ccoordinadors de la recerca: Pere Masip i Josep Lluís Micó |
|
| 300 | _a127 p. | ||
| 490 | 0 |
_aLixikon. _aPapers _v6 |
|
| 586 | _a3r Premi de Recerca Associació Catalana de la Premsa Comarcal | ||
| 650 | 0 | 4 |
_94119 _aEmpreses periodístiques _zCatalunya |
| 650 | 0 | 4 |
_91693 _aPremsa comarcal _zCatalunya |
| 700 | 1 |
_91265 _aMasip, Pere _edir. |
|
| 700 | 1 |
_92519 _aMicó, Josep Lluís _edir. |
|
| 710 | 1 |
_91064 _aCatalunya _b -- Generalitat |
|
| 710 | 2 |
_93633 _aAssociació Catalana de la Premsa Comarcal |
|
| 942 |
_2udc _cMON |
||
| 999 |
_c6390 _d6390 |
||